[Event "Toronto Closed"]
[Site "Toronto CAN"]
[Date "1995.??.??"]
[Round "7"]
[White "Nickoloff, Bryon"]
[Black "Findlay, Ian"]
[Result "1-0"]
[WhiteElo "2420"]
[BlackElo "2345"]
[PlyCount "77"]
[EventDate "1995.??.??"]
[EventType "tourn"]
[EventRounds "10"]
[EventCountry "CAN"]

1. d4 d5 2. c4 e6 3. Nf3 Nf6 4. Bg5 Be7 5. Nc3 O-O 6. e3 h6 7. Bh4 b6 8. Be2
Bb7 9. Bxf6 Bxf6 10. cxd5 exd5 11. b4 c5 12. bxc5 bxc5 13. Rb1 Bc6 14. O-O Nd7
15. Bb5 Qc7 16. Qc2 c4 17. Bxc6 Qxc6 18. Rb5 Nb6 19. a4 Rad8 20. Rfb1 Rd7 21.
Rc5 Qe6 22. a5 Na8 23. e4 dxe4 24. Nxe4 Bxd4 25. Rxc4 f5 26. Ng3 Bf6 27. Nxf5
Rfd8 28. Re1 Qd5 29. h3 Qd3 30. Qxd3 Rxd3 31. Ne7+ Kh7 32. Nc6 R8d7 33. Nce5
Bxe5 34. Nxe5 Rd1 35. Nxd7 Rxe1+ 36. Kh2 Re2 37. Nf8+ Kg8 38. Rc8 Nc7 39. Ng6+
1-0

[Event "Toronto Closed"]
[Site "Toronto CAN"]
[Date "1995.??.??"]
[Round "11"]
[White "Walker, Ben"]
[Black "Nickoloff, Bryon"]
[Result "0-1"]
[WhiteElo "2250"]
[BlackElo "2420"]
[PlyCount "74"]
[EventDate "1995.??.??"]
[EventType "tourn"]
[EventRounds "10"]
[EventCountry "CAN"]

1. e4 e6 2. d4 d5 3. Nd2 Nf6 4. e5 Nfd7 5. f4 c5 6. c3 Nc6 7. Ndf3 Qb6 8. Ne2
f6 9. g3 cxd4 10. cxd4 Bb4+ 11. Bd2 fxe5 12. fxe5 O-O 13. Bg2 Ndxe5 14. dxe5
Nxe5 15. Ned4 Nc4 16. Bxb4 Qxb4+ 17. Ke2 Qxb2+ 18. Qc2 Qa3 19. Qb3 Qe7 20. h3
Qd6 21. Nc2 Qxg3 22. Rhg1 b6 23. Bf1 Qf4 24. Rg4 Qf6 25. Rd1 e5 26. Rxc4 dxc4
27. Qc3 Bb7 28. Bg2 e4 29. Qxf6 Rxf6 30. Ne5 Raf8 31. Ng4 R6f7 32. Nce3 c3 33.
Rc1 Rc7 34. Nf2 Re8 35. Nf5 e3 36. Bxb7 exf2+ 37. Kxf2 Rxb7 0-1

[Event "Olympiad"]
[Site "Moscow RUS"]
[Date "1994.12.04"]
[Round "4"]
[White "Nickoloff, Bryon"]
[Black "Zarnicki, Pablo"]
[Result "0-1"]
[WhiteElo "2390"]
[BlackElo "2475"]
[PlyCount "74"]
[EventDate "1994.12.01"]
[EventType "team"]
[EventRounds "14"]
[EventCountry "RUS"]

1. d4 Nf6 2. c4 e6 3. Nf3 b6 4. Nc3 Bb4 5. Bd2 Bb7 6. g3 O-O 7. Bg2 d6 8. O-O
Nbd7 9. Rb1 Bxc3 10. Bxc3 Ne4 11. Bb4 f5 12. Qc2 Qe8 13. Rfc1 Qh5 14. d5 e5 15.
Nh4 Ng5 16. Nxf5 Nh3+ 17. Bxh3 Qxh3 18. Ne3 Rf6 19. Qe4 Kf8 20. Rf1 Bc8 21. Qg2
Qh5 22. f3 Rg6 23. Bd2 Nf6 24. h4 e4 25. Bc3 Qh6 26. Bd4 Nh5 27. g4 Nf4 28. Qh2
c5 29. Bc3 Nh3+ 30. Qxh3 Qxe3+ 31. Kh2 h5 32. Qg3 hxg4 33. Rbe1 Rh6 34. f4
Qxg3+ 35. Kxg3 e3 36. b4 Bf5 37. a4 Be4 0-1

[Event "Olympiad"]
[Site "Moscow RUS"]
[Date "1994.12.10"]
[Round "9"]
[White "De Villiers, Charles"]
[Black "Nickoloff, Bryon"]
[Result "1-0"]
[WhiteElo "2320"]
[BlackElo "2390"]
[PlyCount "45"]
[EventDate "1994.12.01"]
[EventType "team"]
[EventRounds "14"]
[EventCountry "RUS"]

1. d4 Nf6 2. c4 e6 3. Nc3 Bb4 4. Bg5 c5 5. d5 Bxc3+ 6. bxc3 d6 7. e3 Qe7 8.
dxe6 Bxe6 9. Nf3 Nc6 10. Nd2 O-O-O 11. Be2 d5 12. Qa4 d4 13. cxd4 cxd4 14. Rb1
h6 15. Bf3 Bd7 16. Bf4 Be8 17. c5 dxe3 18. Nc4 exf2+ 19. Kxf2 Qxc5+ 20. Be3 Rd4
21. Rhc1 Nd5 22. Nd6+ Qxd6 23. Qxd4 1-0

[Event "Olympiad"]
[Site "Moscow RUS"]
[Date "1994.12.13"]
[Round "12"]
[White "Nickoloff, Bryon"]
[Black "Hernandez, Gilberto"]
[Result "1/2-1/2"]
[WhiteElo "2390"]
[BlackElo "2510"]
[PlyCount "37"]
[EventDate "1994.12.01"]
[EventType "team"]
[EventRounds "14"]
[EventCountry "RUS"]

1. d4 Nf6 2. c4 g6 3. Nc3 Bg7 4. e4 d6 5. Be2 O-O 6. Nf3 c5 7. O-O cxd4 8. Nxd4
Nc6 9. Be3 Bd7 10. Qd2 Nxd4 11. Bxd4 Bc6 12. f3 Nd7 13. Be3 a5 14. b3 Nc5 15.
Rab1 Qb6 16. Nb5 Rfc8 17. a3 Qd8 18. Nd4 Qd7 19. Rfd1 1/2-1/2

[Event "Santa Claus op"]
[Site "Toronto CAN"]
[Date "1994.12.??"]
[Round "?"]
[White "Nickoloff, Bryon"]
[Black "Livshits, Ron"]
[Result "0-1"]
[WhiteElo "2515"]
[BlackElo "2415"]
[PlyCount "64"]
[EventDate "1994.12.??"]
[EventType "tourn"]
[EventCountry "CAN"]

1. d4 d5 2. c4 dxc4 3. e3 Nf6 4. Bxc4 e6 5. Nf3 c5 6. O-O a6 7. Bd3 Nc6 8. Nc3
cxd4 9. exd4 Nb4 10. Bb1 Be7 11. Qe2 O-O 12. Rd1 b6 13. Ne4 Bb7 14. Neg5 h6 15.
Nh3 Rc8 16. Ne5 Qc7 17. Bf4 Bd6 18. Kh1 Rfd8 19. Ng1 Nfd5 20. Bg3 Nc2 21. Rc1
Nxd4 22. Bh7+ Kxh7 23. Qd3+ Nf5 24. Rxc7 Rxc7 25. Nef3 Nb4 26. Qd1 Nxg3+ 27.
hxg3 Be7 28. Qa4 Nd3 29. Nh3 b5 30. Qg4 Rc4 31. Qh5 g6 32. Nhg5+ Kg7 0-1

[Event "Thanksgiving op"]
[Site "Toronto CAN"]
[Date "1994.10.09"]
[Round "3"]
[White "Yee, Lorne"]
[Black "Nickoloff, Bryon"]
[Result "1/2-1/2"]
[WhiteElo "2123"]
[BlackElo "2515"]
[PlyCount "136"]
[EventDate "1994.10.08"]
[EventType "swiss"]
[EventRounds "6"]
[EventCountry "CAN"]

1. c4 e6 2. Nc3 Bb4 3. g3 Nf6 4. Bg2 O-O 5. a3 Bxc3 6. bxc3 e5 7. e4 c6 8. Ne2
d5 9. cxd5 cxd5 10. exd5 Nxd5 11. O-O Nc6 12. Re1 Re8 13. Bb2 Bf5 14. d4 exd4
15. Nxd4 Rxe1+ 16. Qxe1 Nxd4 17. cxd4 Qd7 18. Qe5 Rd8 19. Rc1 f6 20. Qe2 Bg6
21. Bf3 Re8 22. Qc4 Be4 23. Be2 Qf7 24. Bc3 g5 25. Bd2 Kg7 26. Bf1 Qd7 27. Qb5
Qxb5 28. Bxb5 Re7 29. Be2 Kg6 30. f3 Bf5 31. Kf2 Rc7 32. Bc4 Nb6 33. Bb3 Rd7
34. Be3 Nd5 35. Bd2 h6 36. Rc5 Be6 37. Rc1 Kf7 38. Rc5 Ne7 39. Bxe6+ Kxe6 40.
Bc3 Nd5 41. Bb2 Rc7 42. Ke2 b6 43. Rxc7 Nxc7 44. Kd3 Kd5 45. a4 h5 46. g4 hxg4
47. fxg4 Ne6 48. Bc1 a6 49. Be3 Nf8 50. Bf2 Ng6 51. Bg3 Nh4 52. Bc7 b5 53. axb5
axb5 54. Bd8 Ke6 55. Ke4 b4 56. Ba5 b3 57. d5+ Kf7 58. Bc3 Ke7 59. Bb4+ Kf7 60.
Ba3 Ng6 61. Kd4 Ne5 62. h3 Ke8 63. Kc3 Ng6 64. Kxb3 Nf4 65. Kc4 Nxh3 66. Bb2
Nf2 67. Bxf6 Nxg4 68. Bxg5 Ne5+ 1/2-1/2

[Event "Labour Day op"]
[Site "Toronto CAN"]
[Date "1994.09.??"]
[Round "5"]
[White "Kiviaho, Robert"]
[Black "Nickoloff, Bryon"]
[Result "0-1"]
[WhiteElo "2330"]
[BlackElo "2488"]
[PlyCount "84"]
[EventDate "1994.09.03"]
[EventType "swiss"]
[EventRounds "5"]
[EventCountry "CAN"]

1. Nf3 d5 2. c4 d4 3. a3 a5 4. d3 Nc6 5. g3 e5 6. Bg2 Be7 7. O-O Nf6 8. e3 O-O
9. exd4 exd4 10. Re1 Nd7 11. Nbd2 Nc5 12. Ne4 Ne6 13. h4 h6 14. Rb1 a4 15. b4
axb3 16. Qxb3 Bd7 17. Bb2 b6 18. Re2 Ra5 19. Ra1 f5 20. Ned2 Nc5 21. Qc2 f4 22.
Nxd4 Nxd4 23. Bxd4 fxg3 24. fxg3 Bg4 25. Bd5+ Kh8 26. Ne4 Bxe2 27. Qd2 Kh7 28.
Qxe2 Nb3 29. Bc3 Rxd5 30. cxd5 Nxa1 31. Qg4 Rf7 32. d6 cxd6 33. Bxa1 d5 34. Nd2
Bxa3 35. Be5 Qd7 36. Qe2 Qf5 37. d4 Bc1 38. Nf1 Qe4 39. Qd1 Be3+ 40. Nxe3 Qxe3+
41. Kg2 Rf2+ 42. Kh3 Qf3 0-1

[Event "CAN-ch"]
[Site "Hamilton CAN"]
[Date "1994.??.??"]
[Round "1"]
[White "Piasetski, Leon"]
[Black "Nickoloff, Bryon"]
[Result "1/2-1/2"]
[WhiteElo "2365"]
[BlackElo "2390"]
[PlyCount "85"]
[EventDate "1994.08.12"]
[EventType "tourn"]
[EventRounds "15"]
[EventCountry "CAN"]

1. Nf3 d5 2. d4 Nf6 3. c4 e6 4. Nc3 Bb4 5. Bg5 dxc4 6. e3 b5 7. a4 c6 8. Nd2
Bb7 9. axb5 Bxc3 10. bxc3 cxb5 11. Qb1 Qd5 12. Bxf6 gxf6 13. e4 Qd7 14. Be2 a6
15. O-O Nc6 16. Rd1 Ne7 17. Bf3 O-O 18. Nf1 f5 19. Ng3 fxe4 20. Nxe4 Bxe4 21.
Bxe4 Nd5 22. Qc1 f6 23. Re1 a5 24. Ra2 Ra7 25. Rae2 Rc7 26. Bf3 b4 27. Rxe6
bxc3 28. Qh6 c2 29. Bxd5 Qxd5 30. Rxf6 Rcf7 31. Rxf7 Qxf7 32. Qd2 Qf5 33. Rc1
Rd8 34. g3 Rd5 35. Rxc2 Rxd4 36. Qxd4 Qxc2 37. Qd8+ Kg7 38. Qe7+ Kg8 39. Qe8+
Kg7 40. Qe7+ Kg6 41. Qe6+ Kg7 42. Qe5+ Kf7 43. Qd5+ 1/2-1/2

[Event "CAN-ch"]
[Site "Hamilton CAN"]
[Date "1994.??.??"]
[Round "2"]
[White "Nickoloff, Bryon"]
[Black "Spraggett, Grant"]
[Result "1/2-1/2"]
[WhiteElo "2390"]
[BlackElo "2320"]
[PlyCount "87"]
[EventDate "1994.08.12"]
[EventType "tourn"]
[EventRounds "15"]
[EventCountry "CAN"]

1. d4 Nf6 2. c4 c5 3. d5 b5 4. cxb5 a6 5. f3 axb5 6. e4 Qa5+ 7. Bd2 b4 8. Na3
d6 9. Nc4 Qd8 10. Ne3 Nbd7 11. a3 b3 12. Qxb3 g6 13. Bb5 Bg7 14. Ne2 O-O 15. a4
Ba6 16. O-O Qc7 17. Nc4 Rfb8 18. Ra3 Ra7 19. Rfa1 Rab7 20. Ba5 Qc8 21. Bxa6
Rxb3 22. Bxc8 Rxa3 23. Rxa3 Rxc8 24. Rb3 Ra8 25. Rb5 Ne8 26. b3 Kf8 27. Bc3 Ra7
28. Bxg7+ Kxg7 29. Nc3 Nc7 30. Ra5 Rb7 31. Nb5 Nxb5 32. axb5 f5 33. b6 Kf6 34.
Ra7 Rxb6 35. Rxd7 Rxb3 36. e5+ dxe5 37. d6 exd6 38. Rxd6+ Ke7 39. Rd5 Kf6 40.
Rxe5 Rb5 41. Rd5 Ke6 42. Rd6+ Ke7 43. Kf2 Rb4 44. Rb6 1/2-1/2

[Event "CAN-ch"]
[Site "Hamilton CAN"]
[Date "1994.??.??"]
[Round "5"]
[White "Nickoloff, Bryon"]
[Black "Livshits, Ron"]
[Result "1/2-1/2"]
[WhiteElo "2390"]
[BlackElo "2370"]
[PlyCount "125"]
[EventDate "1994.08.12"]
[EventType "tourn"]
[EventRounds "15"]
[EventCountry "CAN"]

1. d4 d5 2. c4 e6 3. Nf3 Nf6 4. Bg5 Bb4+ 5. Nc3 dxc4 6. e4 c5 7. Bxc4 cxd4 8.
Nxd4 Bxc3+ 9. bxc3 Qa5 10. Bb5+ Nbd7 11. Bxf6 Qxc3+ 12. Kf1 gxf6 13. h4 a6 14.
Rh3 Qa5 15. Be2 Ke7 16. Qc1 Rd8 17. Nb3 Qb4 18. Rd3 Ne5 19. Qc7+ Rd7 20. Rxd7+
Bxd7 21. Rd1 Ke8 22. Rd4 Qxd4 23. Nxd4 Rc8 24. Qd6 Rc1+ 25. Bd1 Rxd1+ 26. Ke2
Rd2+ 27. Ke1 Rxa2 28. Qb8+ Ke7 29. Qxb7 a5 30. Kf1 Ra4 31. Nc2 Rc4 32. Ne3 Rb4
33. Qa7 Rb5 34. f4 Nd3 35. g3 a4 36. Qd4 Rb1+ 37. Ke2 Bb5 38. Nc4 Bxc4 39. Qxc4
Nc1+ 40. Kf3 Rb3+ 41. Kg2 Rb2+ 42. Kh3 Ne2 43. Qxa4 Ng1+ 44. Kg4 Rg2 45. Qb4+
Ke8 46. h5 h6 47. Qb8+ Ke7 48. Qh8 Ne2 49. Kf3 Rh2 50. Qxh6 Nd4+ 51. Ke3 Nc2+
52. Kd3 Ne1+ 53. Kc4 Nc2 54. Kd3 Ne1+ 55. Ke3 Nc2+ 56. Kf3 Nd4+ 57. Kg4 f5+ 58.
exf5 Nxf5 59. Qg5+ Kf8 60. Qd8+ Kg7 61. Kg5 Nxg3 62. Qd4+ Kg8 63. Qd8+ 1/2-1/2

[Event "CAN-ch"]
[Site "Hamilton CAN"]
[Date "1994.??.??"]
[Round "6"]
[White "Leveille, Francois"]
[Black "Nickoloff, Bryon"]
[Result "0-1"]
[WhiteElo "2380"]
[BlackElo "2390"]
[PlyCount "80"]
[EventDate "1994.08.12"]
[EventType "tourn"]
[EventRounds "15"]
[EventCountry "CAN"]

1. e4 c5 2. Nf3 d6 3. d4 cxd4 4. Nxd4 Nf6 5. Nc3 e6 6. Bg5 h6 7. Bb5+ Nbd7 8.
Bxf6 Qxf6 9. Bxd7+ Bxd7 10. Ndb5 Bxb5 11. Nxb5 Qd8 12. Qd4 a6 13. Nc3 Rc8 14.
O-O-O Qg5+ 15. Kb1 Qc5 16. Rhe1 Qxd4 17. Rxd4 Be7 18. Nd1 Kd7 19. Re3 Rc5 20.
Rf3 Bf6 21. Rb4 b5 22. a4 Rhc8 23. axb5 axb5 24. Ne3 h5 25. c3 Re5 26. Nc2 Rc4
27. Re3 Bd8 28. f4 Rec5 29. Rb3 f5 30. exf5 Rxf5 31. Nd4 Rxf4 32. Rxb5 e5 33.
Nf3 Rfe4 34. Rd3 Ke6 35. Rbd5 Be7 36. Rd2 g5 37. h3 g4 38. hxg4 hxg4 39. Nh2
Re1+ 40. Kc2 Rh1 0-1

[Event "CAN-ch"]
[Site "Hamilton CAN"]
[Date "1994.??.??"]
[Round "8"]
[White "Berry, Jonathan"]
[Black "Nickoloff, Bryon"]
[Result "0-1"]
[WhiteElo "2285"]
[BlackElo "2390"]
[PlyCount "90"]
[EventDate "1994.08.12"]
[EventType "tourn"]
[EventRounds "15"]
[EventCountry "CAN"]

1. d4 Nf6 2. Nf3 d5 3. Bf4 c5 4. e3 Qb6 5. Nbd2 cxd4 6. exd4 Qxb2 7. Bd3 Qc3 8.
O-O e6 9. Rb1 Qa5 10. c4 Nc6 11. cxd5 Nxd5 12. Nc4 Qd8 13. Bd2 f6 14. Re1 g6
15. Be4 Kf7 16. Ne3 b6 17. g4 Nce7 18. g5 f5 19. Ne5+ Kg8 20. Bg2 Bb7 21. N3c4
Nc6 22. Nxc6 Bxc6 23. Rxe6 Bb7 24. Qb3 Qd7 25. Rbe1 Rd8 26. R6e5 Qf7 27. Ne3
Nxe3 28. Bxb7 Nc4 29. Bd5 Rxd5 30. Qxc4 Rxe5 31. Qxf7+ Kxf7 32. dxe5 Ke6 33.
Kf1 Bc5 34. Ke2 Rd8 35. f4 Rd4 36. Rc1 Kd5 37. Rc3 Ke4 38. Be3 Ra4 39. Bxc5
Rxa2+ 40. Kd1 bxc5 41. e6 Ra6 42. Rxc5 Rd6+ 43. Kc1 Rxe6 44. Rc4+ Kf3 45. h4
Re7 0-1

[Event "CAN-ch"]
[Site "Hamilton CAN"]
[Date "1994.??.??"]
[Round "10"]
[White "Hamilton, Robert"]
[Black "Nickoloff, Bryon"]
[Result "1/2-1/2"]
[WhiteElo "2330"]
[BlackElo "2390"]
[PlyCount "111"]
[EventDate "1994.08.12"]
[EventType "tourn"]
[EventRounds "15"]
[EventCountry "CAN"]

1. d4 f5 2. g3 Nf6 3. Bg2 g6 4. c3 Bg7 5. Qb3 c6 6. Nd2 Na6 7. Nh3 Qb6 8. Qxb6
axb6 9. Nc4 b5 10. Nb6 Rb8 11. a3 d6 12. Nxc8 Rxc8 13. O-O O-O 14. f3 e5 15.
dxe5 dxe5 16. Be3 Nd5 17. Bc1 Nc5 18. e4 fxe4 19. fxe4 Rxf1+ 20. Kxf1 Nb3 21.
Rb1 Nb6 22. Ke1 Nxc1 23. Rxc1 Rd8 24. Bf1 Bh6 25. Rc2 Kf7 26. Nf2 Ke7 27. Ng4
Bg7 28. Ne3 Bh6 29. Ng4 Bg7 30. Ne3 Bh6 31. Nd1 Rd6 32. h4 Nd7 33. Nf2 Be3 34.
Nd3 Kf6 35. Ke2 Bb6 36. Bh3 Nc5 37. Nf2 h5 38. g4 Ke7 39. gxh5 gxh5 40. Bf5 Rd8
41. Bg6 Rg8 42. Bxh5 Rh8 43. Bg4 Rxh4 44. Kf3 Rh2 45. Kg3 Rh8 46. Bf5 Nd7 47.
Nd3 Nc5 48. Ne1 Rg8+ 49. Kf3 Rg1 50. Ng2 Ne6 51. Rd2 Rf1+ 52. Kg3 Rg1 53. Kf3
Rf1+ 54. Kg3 Rg1 55. Kf3 Rf1+ 56. Kg3 1/2-1/2

[Event "CAN-ch"]
[Site "Hamilton CAN"]
[Date "1994.??.??"]
[Round "11"]
[White "Nickoloff, Bryon"]
[Black "Day, Lawrence"]
[Result "1/2-1/2"]
[WhiteElo "2390"]
[BlackElo "2370"]
[PlyCount "99"]
[EventDate "1994.08.12"]
[EventType "tourn"]
[EventRounds "15"]
[EventCountry "CAN"]

1. d4 d6 2. Nf3 Nf6 3. c4 h6 4. Qc2 Bg4 5. Nc3 Nbd7 6. g3 c6 7. Bg2 Qb6 8. Be3
Qa5 9. O-O Bf5 10. Qb3 Rb8 11. d5 c5 12. Bd2 g5 13. Nb5 Qd8 14. Nxa7 Bg7 15.
Bc3 O-O 16. Nb5 Be4 17. Qd1 Nb6 18. b3 Qd7 19. a4 Qf5 20. Ra2 Nbd7 21. Ba1 Qg6
22. Nc3 Bf5 23. Re1 Qh5 24. Nd2 Bh3 25. Nf1 Ne5 26. f3 Nfd7 27. g4 Qh4 28. Ne3
f5 29. Nxf5 Rxf5 30. gxf5 Bxf5 31. e3 Bh3 32. Rf1 Rf8 33. Qe1 Qh5 34. Qg3 Bxg2
35. Kxg2 Nf6 36. h3 Ng6 37. Kh1 Ne5 38. Rh2 Qg6 39. f4 Nh5 40. Qg2 gxf4 41.
Qxg6 Nxg6 42. Ne4 Bxa1 43. Rxa1 fxe3 44. Re1 Nh4 45. Rhe2 Nf5 46. Rg2+ Kf7 47.
Rf1 Ke8 48. Rf3 Nh4 49. Rxe3 Nxg2 50. Kxg2 1/2-1/2

[Event "CAN-ch"]
[Site "Hamilton CAN"]
[Date "1994.??.??"]
[Round "13"]
[White "Nickoloff, Bryon"]
[Black "Spraggett, Kevin"]
[Result "1/2-1/2"]
[WhiteElo "2390"]
[BlackElo "2530"]
[PlyCount "120"]
[EventDate "1994.08.12"]
[EventType "tourn"]
[EventRounds "15"]
[EventCountry "CAN"]

1. d4 Nf6 2. c4 e6 3. Nc3 Bb4 4. Qc2 O-O 5. a3 Bxc3+ 6. Qxc3 b6 7. Bg5 c5 8.
dxc5 bxc5 9. Nh3 Nc6 10. f3 Rb8 11. O-O-O e5 12. e3 h6 13. Bxf6 Qxf6 14. Nf2
Qe7 15. g4 d6 16. Ne4 Rd8 17. Bd3 Be6 18. h4 d5 19. cxd5 Bxd5 20. g5 Rb3 21.
Qxc5 Qxc5+ 22. Nxc5 Bxf3 23. Nxb3 Bxh1 24. Nc5 Bf3 25. Rf1 Bd5 26. gxh6 gxh6
27. b4 Ne7 28. Rf6 Kg7 29. Ra6 Nc8 30. Bf5 Nd6 31. Bd3 Nc8 32. Kc2 Rd6 33. Ra5
Rf6 34. Nd7 Rf2+ 35. Kc3 Be6 36. Nxe5 Rh2 37. Nc6 Rxh4 38. Nxa7 Nb6 39. e4 Rh3
40. Kd4 h5 41. Rg5+ Kh6 42. Rg1 Rh2 43. Nc6 Rd2 44. Ke3 Ra2 45. Ne7 Bg4 46. Rf1
Be6 47. Rg1 Bg4 48. Rc1 Na4 49. Kf4 Rxa3 50. Rc6+ Kg7 51. Bc2 Rf3+ 52. Ke5 Nb2
53. Nf5+ Bxf5 54. exf5 Nd3+ 55. Bxd3 Rxd3 56. b5 Rb3 57. Rc5 h4 58. Kf4 h3 59.
Rc2 Rxb5 60. Kg4 Rb3 1/2-1/2

[Event "North Bay int."]
[Site "North Bay CAN"]
[Date "1994.08.??"]
[Round "?"]
[White "Chow, Vincent"]
[Black "Nickoloff, Bryon"]
[Result "0-1"]
[WhiteElo "2008"]
[BlackElo "2390"]
[PlyCount "100"]
[EventDate "1994.08.04"]
[EventType "swiss"]
[EventRounds "8"]
[EventCountry "CAN"]

1. d4 Nf6 2. c4 e6 3. Nc3 Bb4 4. Nf3 c5 5. e3 O-O 6. Bd3 d5 7. O-O b6 8. a3
Bxc3 9. bxc3 Ba6 10. cxd5 exd5 11. Ne5 Re8 12. a4 Qc8 13. Ba3 Bxd3 14. Qxd3 c4
15. Qc2 Qe6 16. Rae1 Nc6 17. Nxc6 Qxc6 18. f3 Re6 19. Re2 Rae8 20. Rfe1 h5 21.
Bc1 g6 22. a5 bxa5 23. Qb1 Kg7 24. Ra2 R8e7 25. Rxa5 Qe8 26. Qa2 Rxe3 27. Bxe3
Rxe3 28. Rxe3 Qxe3+ 29. Kf1 Qxc3 30. Qa1 Qb4 31. Ra4 Qb5 32. Ra5 Qb4 33. Ra4
Qb8 34. Rxa7 Qxh2 35. Qa5 Qh1+ 36. Kf2 Qh4+ 37. Kf1 Qh1+ 38. Kf2 Qh4+ 39. Kf1
Qf4 40. Qc7 Qc1+ 41. Kf2 Qd2+ 42. Kg1 Qxd4+ 43. Kh2 Qh4+ 44. Kg1 Qe1+ 45. Kh2
Qh4+ 46. Kg1 Qe1+ 47. Kh2 Qe6 48. Ra8 g5 49. Rd8 h4 50. Qc5 g4 0-1

[Event "North Bay int."]
[Site "North Bay CAN"]
[Date "1994.08.??"]
[Round "4"]
[White "Nickoloff, Bryon"]
[Black "Zaradic, Ante"]
[Result "1-0"]
[WhiteElo "2390"]
[BlackElo "2286"]
[PlyCount "59"]
[EventDate "1994.08.04"]
[EventType "swiss"]
[EventRounds "8"]
[EventCountry "CAN"]

1. d4 e6 2. c4 f5 3. g3 Nf6 4. Bg2 Be7 5. Nf3 a5 6. d5 O-O 7. O-O exd5 8. cxd5
Na6 9. Nd4 d6 10. Qc2 Ng4 11. Nc3 Nc5 12. b3 Bd7 13. h3 Ne5 14. f4 Ng6 15. Be3
Bf6 16. Bf2 Qe8 17. Rfe1 Na6 18. e4 Qc8 19. Kh2 Nb4 20. Qd2 fxe4 21. Nxe4 Nxd5
22. Nxd6 cxd6 23. Bxd5+ Kh8 24. Rac1 Qb8 25. Ne6 Rc8 26. Rxc8+ Bxc8 27. Nc7 Ne7
28. Nxa8 Qxa8 29. Rxe7 Bxe7 30. Qe3 1-0

[Event "North Bay int."]
[Site "North Bay CAN"]
[Date "1994.08.??"]
[Round "5"]
[White "Nickoloff, Bryon"]
[Black "Howarth, Anthony"]
[Result "1/2-1/2"]
[WhiteElo "2390"]
[BlackElo "2102"]
[PlyCount "61"]
[EventDate "1994.08.04"]
[EventType "swiss"]
[EventRounds "8"]
[EventCountry "CAN"]

1. d4 Nf6 2. c4 g6 3. Nc3 d5 4. cxd5 Nxd5 5. e4 Nxc3 6. bxc3 c5 7. Be3 Bg7 8.
Qd2 O-O 9. Rc1 Qa5 10. Nf3 Rd8 11. d5 Nc6 12. c4 Nb4 13. a3 Qxa3 14. Bxc5 a5
15. Bd4 Bxd4 16. Nxd4 Na6 17. c5 Nxc5 18. Nb5 Nxe4 19. Nxa3 Nxd2 20. Kxd2 Rxd5+
21. Ke3 Bd7 22. Bd3 Bc6 23. Nc4 Rg5 24. Rhg1 Rxg2 25. Rxg2 Bxg2 26. Ra1 a4 27.
Nb6 Ra5 28. Rxa4 Rxa4 29. Nxa4 Bc6 30. Nb6 Kg7 31. Bc4 1/2-1/2

[Event "North Bay int."]
[Site "North Bay CAN"]
[Date "1994.08.??"]
[Round "6"]
[White "Ghannoum, Marc"]
[Black "Nickoloff, Bryon"]
[Result "1/2-1/2"]
[WhiteElo "2200"]
[BlackElo "2390"]
[PlyCount "43"]
[EventDate "1994.08.04"]
[EventType "swiss"]
[EventRounds "8"]
[EventCountry "CAN"]

1. e4 e5 2. Nf3 Nc6 3. d4 exd4 4. Bc4 Nf6 5. O-O Nxe4 6. Re1 d5 7. Bxd5 Qxd5 8.
Nc3 Qa5 9. Nxe4 Be6 10. Neg5 O-O-O 11. Nxe6 fxe6 12. Rxe6 Qd5 13. Qe2 Bc5 14.
Bg5 Rdf8 15. Re1 Bb6 16. a3 a6 17. Qe4 Qxe4 18. R1xe4 Rf5 19. Bh4 h6 20. Ne5
Nxe5 21. R6xe5 Rhf8 22. Kf1 1/2-1/2

[Event "North Bay int."]
[Site "North Bay CAN"]
[Date "1994.08.??"]
[Round "7"]
[White "Rozentalis, Eduardas"]
[Black "Nickoloff, Bryon"]
[Result "1-0"]
[WhiteElo "2595"]
[BlackElo "2390"]
[PlyCount "31"]
[EventDate "1994.08.04"]
[EventType "swiss"]
[EventRounds "8"]
[EventCountry "CAN"]

1. e4 e5 2. Nf3 Nc6 3. Bb5 a6 4. Bxc6 dxc6 5. O-O Qd6 6. Na3 b5 7. c3 c5 8. Nc2
Bb7 9. d4 Nf6 10. Re1 cxd4 11. cxd4 Nxe4 12. Nxe5 Be7 13. f3 Nf6 14. b3 Nd5 15.
Ba3 Qd8 16. Nb4 1-0

[Event "CAN-op"]
[Site "Winnipeg CAN"]
[Date "1994.07.10"]
[Round "3"]
[White "Nickoloff, Bryon"]
[Black "Jung, Hans"]
[Result "1-0"]
[WhiteElo "2490"]
[BlackElo "2197"]
[PlyCount "85"]
[EventDate "1994.07.09"]
[EventType "swiss"]
[EventRounds "10"]
[EventCountry "CAN"]
[Source "ChessBase"]
[SourceDate "1997.11.17"]

1. d4 Nf6 2. c4 e6 3. Nf3 b6 4. g3 Bb7 5. Bg2 Be7 6. Nc3 d5 7. Ne5 O-O 8. O-O
Qc8 9. cxd5 exd5 10. Bf4 c6 11. Rc1 Qe6 12. Qb3 Nbd7 13. e4 Rfd8 14. Nxc6 Qxc6
15. exd5 Qc8 16. Nb5 Nc5 17. dxc5 Bxc5 18. Nd6 Bxd6 19. Rxc8 Raxc8 20. Bxd6
Rxd6 21. Qa3 Rcd8 22. Qxa7 Bxd5 23. Bxd5 Nxd5 24. Rd1 g6 25. a4 Kg7 26. Qa6 Re6
27. Qc4 Red6 28. b4 Kg8 29. a5 bxa5 30. bxa5 h5 31. h4 R6d7 32. a6 Ra8 33. Rxd5
Rxd5 34. Qxd5 Rxa6 35. Qd4 Re6 36. Kg2 f5 37. Kf3 Re7 38. Qf6 Rg7 39. Kf4 Kh7
40. Kg5 Rg8 41. Qf7+ Rg7 42. Qf8 Rg8 43. Qh6# 1-0

[Event "CAN-op"]
[Site "Winnipeg CAN"]
[Date "1994.07.14"]
[Round "6"]
[White "Teodoro, Eduardo"]
[Black "Nickoloff, Bryon"]
[Result "1/2-1/2"]
[WhiteElo "2319"]
[BlackElo "2490"]
[PlyCount "49"]
[EventDate "1994.07.09"]
[EventType "swiss"]
[EventRounds "10"]
[EventCountry "CAN"]
[Source "ChessBase"]
[SourceDate "1997.11.17"]

1. e4 c5 2. Nf3 e6 3. d4 cxd4 4. Nxd4 Nf6 5. Bd3 Nc6 6. Be3 e5 7. Nxc6 dxc6 8.
h3 Nd7 9. Bc4 Qf6 10. Nd2 Bc5 11. O-O O-O 12. Qe2 Qe7 13. a4 Bxe3 14. Qxe3 Nb6
15. a5 Nxc4 16. Nxc4 f6 17. Rfd1 Be6 18. Nd6 Qc7 19. c4 b6 20. b4 c5 21. Nb5
Qe7 22. bxc5 bxc5 23. Nd6 Qc7 24. Nb5 Qe7 25. Nd6 1/2-1/2

[Event "CAN-op"]
[Site "Winnipeg CAN"]
[Date "1994.07.14"]
[Round "7"]
[White "Nickoloff, Bryon"]
[Black "Cabanas, Francisco"]
[Result "1-0"]
[WhiteElo "2490"]
[BlackElo "2248"]
[PlyCount "69"]
[EventDate "1994.07.09"]
[EventType "swiss"]
[EventRounds "10"]
[EventCountry "CAN"]
[Source "ChessBase"]
[SourceDate "1997.11.17"]

1. d4 Nf6 2. c4 e6 3. Nf3 d5 4. Bg5 Nbd7 5. Nc3 c6 6. e3 Qa5 7. Nd2 Ne4 8.
Ncxe4 dxe4 9. Bh4 Qf5 10. c5 g5 11. Bg3 e5 12. Nc4 Be7 13. Nxe5 Bxc5 14. dxc5
Nxe5 15. Qd6 Nd3+ 16. Bxd3 exd3 17. O-O-O Qe6 18. Rxd3 Qxd6 19. Bxd6 Be6 20.
Be5 O-O 21. Bf6 h6 22. h4 g4 23. h5 Bf5 24. Rd6 Rae8 25. Kd2 Re6 26. f3 Rfe8
27. e4 Bh7 28. Rh4 gxf3 29. gxf3 b6 30. b4 Kf8 31. Rg4 a5 32. Rxe6 fxe6 33.
cxb6 axb4 34. Rg7 Bg8 35. Rc7 1-0

[Event "CAN-op"]
[Site "Winnipeg CAN"]
[Date "1994.07.15"]
[Round "8"]
[White "Nickoloff, Bryon"]
[Black "Arnason, Jon"]
[Result "1/2-1/2"]
[WhiteElo "2490"]
[BlackElo "2525"]
[PlyCount "38"]
[EventDate "1994.07.09"]
[EventType "swiss"]
[EventRounds "10"]
[EventCountry "CAN"]
[Source "ChessBase"]
[SourceDate "1997.11.17"]

1. d4 Nf6 2. c4 e6 3. Nf3 b6 4. g3 Ba6 5. b3 Bb7 6. Bg2 Bb4+ 7. Bd2 a5 8. Nc3
Ne4 9. Rc1 Na6 10. O-O O-O 11. Ne5 Bxc3 12. Bxc3 d6 13. Nd3 Nxc3 14. Rxc3 Bxg2
15. Kxg2 c5 16. dxc5 Qf6 17. Qd2 dxc5 18. a3 Rfd8 19. Rb1 h6 1/2-1/2